| 000 | 00453nam a22001817a 4500 | ||
|---|---|---|---|
| 003 | LK-CoMWRAF | ||
| 005 | 20240103101856.0 | ||
| 008 | 230909b1984 |||||||| |||| 00| 0 eng d | ||
| 040 |
_aLK-CoMWRAF _dLK-CoMWRAF _eLK-CoMWRAF |
||
| 041 | _aeng | ||
| 082 |
_a823 _bGRE |
||
| 100 | _aGreen, Margery | ||
| 110 | _aIrving, Washington | ||
| 245 | _aRip van winkle | ||
| 260 |
_aIndia : _bMacmillan India Ltd _c1984 |
||
| 650 | _aEnglish Fiction | ||
| 942 | _cBK | ||
| 999 |
_c3503 _d3503 |
||